| 000 | 00689nam a2200217 u 4500 | ||
|---|---|---|---|
| 005 | 20220528063551.0 | ||
| 008 | 120625s2004 r 000 0 eng d | ||
| 020 | _a8496336379 | ||
| 035 | _aUPN01000185356 | ||
| 049 | _aCG | ||
| 050 | 4 |
_aPQ6663 O7.2 _bO3.7 |
|
| 100 | 1 |
_aMora, Víctor, _d1931- |
|
| 245 | 1 | 3 |
_aEl ogro de los Cárpatos : _bCorazón de hierro, II / _cVíctor Mora ; il. de Juanjo Cortés. |
| 260 |
_aBarcelona, Esp. : _bPlaneta & Oxford, _c2004. |
||
| 300 |
_a174 p. : _bil. |
||
| 440 | 0 |
_aNautilus ; _v8. _pA partir de 14 años |
|
| 650 | 4 |
_aLITERATURA ESPAÑOLA - _ySIGLO XXI _915230 |
|
| 650 | 0 |
_aHistorias de aventuras _94131 |
|
| 905 | _aLibro | ||
| 999 |
_c157459 _d157459 |
||